000 01008nam a22002295i 4500
001 176089
003 ES-MaACL
005 20230906220001.0
008 101215s1957 sp |||| | spa d
080 _a616.441-008.61
245 0 4 _aLos llamados hipertiroidismos /
_cpor Francisco J. García-Conde Gómez.
260 _aMadrid :
_bServicio de Medicina Interna Hospital Militar "Gómez Ulla",
_c1957.
300 _a24 p. ;
_c17 cm.
490 1 _aCuadernos de medicina interna ;
_v35
500 _aTexto de la conferencia pronunciada en la Sala de Estudio del Hospital Militar Central "Gómez Ulla", de Madrid, el día 7 de junio de 1956, y perteneciente al Curso Monográfico número 5, sobre Patología del Tiroides.
650 0 4 _aHipertiroidismo.
_9144322
700 1 _aGarcía-Conde Gómez, Francisco J.
_9144331
710 2 _aHospital Militar Central "Gómez Ulla"
_9141700
830 0 _aCuadernos de medicina interna ;
_v35
_9183827
852 _aES-MaACL
_j2086-F-20
999 _c176089
_d176089